Basta una lettera #2 - Statistics

Statistiche generali
  • Questo quiz è stato fatto 121 volte
  • Il punteggio medio è 12 su 15
Statistiche sulle risposte
Quesito Soluzione % Corretto
È seguita da un numero per indicare le tratte autostradali A
100%
Dieci romani X
100%
L'altezza in geometria H
96%
L'ovest sulla bussola W
94%
Giotto la disegnava perfettamente tonda a mano libera O
90%
Il cromosoma sessuale maschile Y
81%
Costante di gravitazione universale G
77%
Nella celebre equazione di Einstein equivale a mc^2 E
72%
Il simbolo dell'elemento chimico azoto N
70%
La vitamina anche detta acido ascorbico C
68%
La sigla automobilistica internazionale per la Germania D
68%
Il lato dei vecchi dischi in vinile su cui veniva registrata la canzone meno importante B
64%
Se ripetuta, fa russare! Z
63%
Il fante nelle carte da gioco francesi J
60%
Nei jet militari indica un aereo da caccia F
52%
Nessun quiz corrispondente trovato
Distribuzione punteggi
Percentuale di utenti per punteggio
Percentile per numero di risposta
I tuoi punteggi nel tempo
Non hai fatto questo quiz